BSOP header

The art of strategy : (Record no. 7876)

MARC details
000 -LEADER
fixed length control field 00586nam a2200169 4500
008 - FIXED-LENGTH DATA ELEMENTS--GENERAL INFORMATION
fixed length control field 020301s1988 nyu engta
020 ## - INTERNATIONAL STANDARD BOOK NUMBER
International Standard Book Number 0385237847
090 ## - LOCALLY ASSIGNED LC-TYPE CALL NUMBER (OCLC); LOCAL CALL NUMBER (OCLC)
Classification number (OCLC) (R) ; Classification number, CALL (RLIN) (NR) U101
Local cutter number (OCLC) ; Book number/undivided call number, CALL (RLIN) Su7
100 1# - MAIN ENTRY--PERSONAL NAME
Personal name Sun-tzu, 6th cent. B.C.
245 10 - TITLE STATEMENT
Title The art of strategy :
Remainder of title a new translation of Sun Tzu's classic The art of war /
Statement of responsibility, etc Sun-tzu, R. L. Wing.
260 ## - PUBLICATION, DISTRIBUTION, ETC. (IMPRINT)
Place of publication, distribution, etc New York :
Name of publisher, distributor, etc Doubleday,
Date of publication, distribution, etc c1988.
300 ## - PHYSICAL DESCRIPTION
Extent 171 p. :
Other physical details ill.
650 #4 - SUBJECT ADDED ENTRY--TOPICAL TERM
Topical term or geographic name as entry element Military art and science
Chronological subdivision Early works to 1800.
951 ## - EQUIVALENCE OR CROSS-REFERENCE-GEOGRAPHIC NAME/AREA NAME [OBSOLETE] [CAN/MARC only]
General subdivision 00007676
700 1# - ADDED ENTRY--PERSONAL NAME
Personal name Wing, R. L.
951 ## - EQUIVALENCE OR CROSS-REFERENCE-GEOGRAPHIC NAME/AREA NAME [OBSOLETE] [CAN/MARC only]
-- 16727
-- U101/Su7
-- 070613111050312
-- 2000-12-21
-- OS
Holdings
Withdrawn status Lost status Damaged status Not for loan Home library Current library Shelving location Date acquired Accession number Shelving control number Total Checkouts Full call number Barcode Date last seen Price effective from Koha item type
        BSOP Library BSOP Library Oversized Books (General Circulation) 12/21/2000 16727 127   U101/Su7 00007676 02/23/2013 02/23/2013 Books
BSOP

Biblical Seminary of the Philippines
  All rights Reserved
  © 2024

CONTACT INFORMATION

Biblical Seminary of the Philippines,
  77-B Karuhatan Road, Valenzuela City,
  PHILIPPINES 1441
  Phone: +632 8292-6795 / 8292-6798
  Fax : +632 8292-6675
  Email: library@bsop.edu.ph